[Event "ICS rated blitz match"]
[Site "204.178.125.65"]
[Date "2000.12.11"]
[Round "?"]
[White "Hossa"]
[Black "CosmicJoke"]
[Result "0-1"]
[WhiteElo "2511"]
[BlackElo "2773"]
[PlyCount "178"]
[EventDate "2000.??.??"]

1. e4 e5 2. Nf3 Nc6 3. d4 exd4 4. Nxd4 Bc5 5. Nb3 Bb6 6. Nc3 d6 7. a4 Qf6 8. f3
Qh4+ 9. g3 Qh5 10. Nd5 Nce7 11. Nf4 Ba5+ 12. c3 Qe5 13. g4 b6 14. Nxa5 bxa5 15.
Bb5+ Kf8 16. Bc4 Ng6 17. Nxg6+ hxg6 18. Qd5 Qxd5 19. Bxd5 Rb8 20. Bc4 Nf6 21.
Kf2 Nd7 22. h4 Ne5 23. Be2 f5 24. Kg3 Kg8 25. Re1 fxe4 26. fxe4 Be6 27. Rf1 g5
28. h5 Nd7 29. Bf3 Ne5 30. Rf2 Kh7 31. Be2 Rhe8 32. Ra3 Rb6 33. Rh2 Rf8 34. Ra1
Kg8 35. Bxg5 Rxb2 36. h6 Bxg4 37. hxg7 Rf7 38. Bxg4 Rxh2 39. Be6 Rhf2 40. Bh6
R2f3+ 41. Kh4 R3f6 42. Bxf7+ Nxf7 43. Be3 Re6 44. Kh5 Kxg7 45. Bd4+ Kf8 46. Re1
c5 47. Be3 Ne5 48. Rg1 Nc4 49. Bh6+ Ke8 50. Rg8+ Kd7 51. Ra8 Rxe4 52. Rxa7+ Kc6
53. Bg5 Re2 54. Ra8 Ra2 55. Kg4 Rxa4 56. Kf5 Ra2 57. Ke4 d5+ 58. Kf4 Rf2+ 59.
Kg3 Rc2 60. Bf6 Rd2 61. Rc8+ Kd6 62. Bg7 a4 63. Bf8+ Kd7 64. Ra8 Rd3+ 65. Kf4
a3 66. Ra6 Rxc3 67. Bxc5 Rd3 68. Bg1 Rd2 69. Be3 Re2 70. Bc5 a2 71. Kf5 Kc7 72.
Bd4 Nd6+ 73. Kg5 Nb5 74. Bc5 d4 75. Kf4 Nc3 76. Kf5 d3 77. Bd4 d2 78. Bxc3 d1=Q
79. Ra7+ Kb6 80. Ra4 Qd5+ 81. Kg6 Rg2+ 82. Kf6 Rf2+ 83. Kg6 Qf7+ 84. Kh6 Rh2+
85. Kg5 Rh5+ 86. Kg4 Qf5+ 87. Kg3 Rh3+ 88. Kg2 Qf3+ 89. Kg1 Rh1# {
Hossa checkmated} 0-1

[Event "ICS unrated blitz match"]
[Site "204.178.125.65"]
[Date "2000.12.11"]
[Round "?"]
[White "diep"]
[Black "Hossa"]
[Result "1-0"]
[WhiteElo "2749"]
[BlackElo "2505"]
[PlyCount "135"]
[EventDate "2000.??.??"]

1. e4 e5 2. Nf3 Nc6 3. Bb5 a6 4. Ba4 Nf6 5. O-O Be7 6. Re1 b5 7. Bb3 O-O 8. c3
d6 9. h3 Na5 10. Bc2 c5 11. d4 Qc7 12. Nbd2 cxd4 13. cxd4 Bb7 14. d5 Rac8 15.
Bd3 Nd7 16. Nf1 f5 17. exf5 Bxd5 18. Ng5 Bxg5 19. Bxg5 Nb6 20. Ne3 Nac4 21.
Nxd5 Nxd5 22. Qf3 Qf7 23. b3 Na5 24. Qg4 Nc6 25. Rac1 Ndb4 26. Bb1 Nd4 27. Rxc8
Rxc8 28. f6 Rf8 29. Bh4 Nd5 30. fxg7 Qxg7 31. Re4 Nf4 32. Qxg7+ Kxg7 33. Be7
Nfe2+ 34. Kf1 Ng3+ 35. Ke1 Nxe4 36. Bxf8+ Kxf8 37. Bxe4 Kg7 38. b4 Ne6 39. Kd2
Nc7 40. Bb7 d5 41. Ke3 Kg6 42. f4 Kf6 43. Bc8 e4 44. g4 Kg6 45. Kd4 h6 46. h4
Kg7 47. g5 Kg6 48. f5+ Kg7 49. Bb7 Kg8 50. a3 Kg7 51. Bc6 Kh7 52. g6+ Kg7 53.
h5 Kf6 54. Ke3 Ke7 55. g7 Kf7 56. f6 Kg8 57. Bd7 Kf7 58. Bg4 d4+ 59. Kxe4 a5
60. bxa5 Na6 61. Be6+ Kxf6 62. g8=Q Nc5+ 63. Kd5 Nxe6 64. Qxe6+ Kg5 65. Ke4 b4
66. Kf3 bxa3 67. Qg6+ Kh4 68. Qg4# {Hossa checkmated} 1-0

[Event "ICS Rated blitz match"]
[Site "204.178.125.65"]
[Date "2000.12.11"]
[Round "?"]
[White "Hossa"]
[Black "SpitFire"]
[Result "0-1"]
[WhiteElo "2505"]
[BlackElo "2785"]
[PlyCount "140"]
[EventDate "2000.??.??"]

1. e4 c5 2. Nf3 e6 3. d4 cxd4 4. Nxd4 Nf6 5. Nc3 d6 6. g4 h6 7. h4 Nc6 8. Bb5
Bd7 9. Be2 Nxd4 10. Qxd4 e5 11. Qd1 Bc6 12. Bf3 Be7 13. Be3 Nd7 14. g5 hxg5 15.
hxg5 Rxh1+ 16. Bxh1 Bxg5 17. Qd2 Bxe3 18. Qxe3 Nb6 19. O-O-O Qf6 20. Qh3 Ke7
21. Qf1 Rh8 22. Bg2 Rh2 23. Kb1 Qg6 24. Bf3 Qg5 25. Qd3 Qh6 26. Qe2 Qf4 27. Rg1
Rh3 28. Bh1 Qh4 29. Bf3 Qf6 30. Rg3 Rxg3 31. fxg3 Qg5 32. g4 Qf4 33. b3 Nd7 34.
Qd3 Nc5 35. Qe2 Ne6 36. Bh1 Nd4 37. Qg2 b6 38. Nd1 Bd7 39. g5 Bg4 40. Nc3 Qxg5
41. Nd5+ Ke8 42. Qf2 Be2 43. Nc7+ Kf8 44. Qe1 Qf4 45. Nd5 Qh2 46. Qc1 Bh5 47.
Ne3 Ne2 48. Qe1 Qg3 49. Qxg3 Nxg3 50. Bg2 Bg6 51. Bh3 Bxe4 52. Bc8 f5 53. Kc1
Ke7 54. Kd2 g5 55. c3 f4 56. Ng4 Bg6 57. Kc1 e4 58. Nh6 e3 59. Bb7 Bh5 60. Ng8+
Ke6 61. Nh6 f3 62. Bxf3 Bxf3 63. Kc2 Nf1 64. a4 e2 65. a5 Be4+ 66. Kb2 e1=Q 67.
axb6 a5 68. b4 Qb1+ 69. Ka3 Qa1+ 70. Kb3 Nd2# {Hossa checkmated} 0-1

[Event "ICS rated blitz match"]
[Site "204.178.125.65"]
[Date "2000.12.11"]
[Round "?"]
[White "mattosinho"]
[Black "Hossa"]
[Result "1-0"]
[WhiteElo "2167"]
[BlackElo "2500"]
[PlyCount "69"]
[EventDate "2000.??.??"]

1. d4 Nf6 2. c4 e6 3. Nf3 b6 4. g3 Bb7 5. Bg2 Be7 6. O-O O-O 7. Nc3 Ne4 8. Qc2
Nxc3 9. Qxc3 Be4 10. Bf4 a5 11. Rac1 Nc6 12. Qe3 f5 13. Rfd1 a4 14. a3 Na5 15.
Rc3 Bf6 16. g4 Nb3 17. g5 Be7 18. Ne5 Bxg2 19. Kxg2 Qe8 20. Nf3 Ra7 21. c5 bxc5
22. dxc5 c6 23. Ne5 Kh8 24. g6 Bf6 25. Qh3 h6 26. Bxh6 Kg8 27. Bg5 Qxg6 28.
Nxg6 Re8 29. Bxf6 Kf7 30. Ne5+ Kxf6 31. Qh4+ g5 32. Qh6+ Kxe5 33. Qg7+ Kf4 34.
Rd4+ Nxd4 35. Qxd4# {Hossa checkmated} 1-0

[Event "ICS rated blitz match"]
[Site "204.178.125.65"]
[Date "2000.12.11"]
[Round "?"]
[White "Hossa"]
[Black "mattosinho"]
[Result "0-1"]
[WhiteElo "2472"]
[BlackElo "2208"]
[PlyCount "98"]
[EventDate "2000.??.??"]

1. e4 Nf6 2. e5 Nd5 3. d4 d6 4. Nf3 Bg4 5. h3 Bf5 6. Bd3 Bxd3 7. Qxd3 e6 8.
Qb5+ Nc6 9. Bg5 Qd7 10. Nc3 Nxc3 11. bxc3 b6 12. a4 a6 13. Qe2 Be7 14. exd6
cxd6 15. Rb1 Qc7 16. O-O O-O 17. Qe4 d5 18. Qe2 Bxg5 19. Nxg5 e5 20. Qh5 h6 21.
Nf3 e4 22. Nh4 Ne7 23. Nf5 Nxf5 24. Qxf5 Rad8 25. Rb3 Rfe8 26. Qg4 Re6 27. Qe2
a5 28. Rfb1 Qd7 29. Qb5 Qc8 30. Qf1 Rdd6 31. Re1 Rf6 32. Re3 Rc6 33. f3 Qc7 34.
Qd1 exf3 35. Rxf3 Rfe6 36. Qf1 Qe7 37. Qa6 Re1+ 38. Rf1 Qe3+ 39. Kh2 Rg6 40. c4
Qe2 41. Qa8+ Kh7 42. Rg3 Qxf1 43. Rxg6 Qg1+ 44. Kg3 Re3+ 45. Kh4 Qf2+ 46. g3
Re4+ 47. Rg4 Qf6+ 48. Kh5 Qf5+ 49. Kh4 Qg5# {Hossa checkmated} 0-1

[Event "ICS rated blitz match"]
[Site "204.178.125.65"]
[Date "2000.12.11"]
[Round "?"]
[White "FishPuppy"]
[Black "Hossa"]
[Result "0-1"]
[WhiteElo "2051"]
[BlackElo "2446"]
[PlyCount "70"]
[EventDate "2000.??.??"]

1. d4 Nf6 2. Nf3 g6 3. c4 Bg7 4. Nc3 O-O 5. e4 c6 6. e5 Ne8 7. Be2 f6 8. exf6
Nxf6 9. O-O d6 10. Re1 Na6 11. h3 Bf5 12. Bf1 Nb4 13. Re2 Qc7 14. a3 Nd3 15.
Be3 d5 16. cxd5 cxd5 17. g4 Be4 18. Nxe4 Nxe4 19. Rc2 Nxb2 20. Rxc7 Nxd1 21.
Rxd1 Rxf3 22. Rxb7 Rf7 23. Rc1 Nd6 24. Rd7 Bf8 25. Rcc7 e6 26. a4 Rxd7 27. Rxd7
Nc8 28. a5 Bb4 29. a6 Nb6 30. Bb5 Nxd7 31. Bxd7 Kf7 32. Bf4 Ke7 33. Bc6 Rf8 34.
Be5 Bd2 35. Kg2 Bf4 {FishPuppy resigns} 0-1

[Event "ICS rated standard match"]
[Site "204.178.125.65"]
[Date "2000.12.11"]
[Round "?"]
[White "Hossa"]
[Black "ChesterX"]
[Result "1-0"]
[WhiteElo "2411"]
[BlackElo "2348"]
[PlyCount "133"]
[EventDate "2000.??.??"]

1. d4 Nf6 2. c4 c5 3. Nf3 cxd4 4. Nxd4 e5 5. Nf3 Nc6 6. e3 d5 7. cxd5 Bb4+ 8.
Bd2 Qxd5 9. Bxb4 Qxd1+ 10. Kxd1 Nxb4 11. Nbd2 Bg4 12. Bb5+ Bd7 13. Bxd7+ Nxd7
14. Nc4 O-O 15. Nfxe5 Nxe5 16. Nxe5 Rfe8 17. Nc4 Re4 18. b3 Rg4 19. a3 Na6 20.
g3 Nc5 21. Kc2 Rg6 22. Rad1 Rf6 23. Rhf1 Ne4 24. f3 Ng5 25. Ne5 Rf5 26. f4 Ne6
27. g4 Rf6 28. g5 Rf5 29. Rg1 a5 30. Rd7 b5 31. Rb7 b4 32. axb4 axb4 33. Rxb4
Rf8 34. h4 Ra8 35. Ra4 Re8 36. Ra7 f6 37. gxf6 Rxf6 38. b4 Rb8 39. Kb3 Nc5+ 40.
Kc3 Ne6 41. h5 Rd8 42. Ng4 Rc8+ 43. Kb2 Rff8 44. Re7 Rc6 45. f5 Nd8 46. f6
Rcxf6 47. Nxf6+ Rxf6 48. Rgxg7+ Kf8 49. Rxh7 Kg8 50. Reg7+ Kf8 51. b5 Rb6 52.
h6 Rxh6 53. Rxh6 Kxg7 54. Rd6 Nf7 55. Rd7 Kf8 56. Rxf7+ Kxf7 57. b6 Ke6 58. b7
Kd5 59. Kc3 Ke4 60. b8=Q Kf5 61. Qd6 Ke4 62. Qf6 Kd5 63. Qe7 Kc6 64. Kc4 Kb6
65. Qd7 Ka6 66. Kc5 Ka5 67. Qa7# {ChesterX checkmated} 1-0

[Event "ICS rated blitz match"]
[Site "204.178.125.65"]
[Date "2000.12.11"]
[Round "?"]
[White "Hossa"]
[Black "CosmicJoke"]
[Result "0-1"]
[WhiteElo "2440"]
[BlackElo "2781"]
[PlyCount "106"]
[EventDate "2000.??.??"]

1. d4 Nf6 2. c4 g6 3. Nc3 Bg7 4. e4 d6 5. f3 O-O 6. Be3 e5 7. d5 Nh5 8. Qd2
Qh4+ 9. g3 Nxg3 10. Qf2 Nxf1 11. Qxh4 Nxe3 12. Ke2 Nxc4 13. Rc1 Na6 14. Na4 Nb6
15. Nxb6 axb6 16. a3 f5 17. Nh3 Nc5 18. Nf2 Bd7 19. b4 fxe4 20. bxc5 exf3+ 21.
Ke1 bxc5 22. Rc3 e4 23. Re3 Bd4 24. Rxe4 Rxa3 25. Rxd4 cxd4 26. Qxd4 Rfa8 27.
h4 Ra1+ 28. Kd2 R8a2+ 29. Kc3 Ra3+ 30. Kd2 R1a2+ 31. Ke1 Re2+ 32. Kd1 Rb3 33.
Qa1 Rb4 34. Qa8+ Kf7 35. Nd3 Ba4+ 36. Qxa4 Rxa4 37. Rh3 Ra1+ 38. Nc1 Re3 39.
Kd2 f2 40. Kxe3 f1=Q 41. Rf3+ Qxf3+ 42. Kxf3 Rxc1 43. Ke3 b5 44. h5 Rc5 45. Ke4
b4 46. Kf4 b3 47. hxg6+ hxg6 48. Ke4 b2 49. Kd3 b1=Q+ 50. Kd2 Qe4 51. Kd1 Kg7
52. Kd2 Rc2+ 53. Kd1 Qe2# {Hossa checkmated} 0-1

[Event "ICS rated standard match"]
[Site "204.178.125.65"]
[Date "2000.12.11"]
[Round "?"]
[White "diep"]
[Black "Hossa"]
[Result "1-0"]
[WhiteElo "2493"]
[BlackElo "2424"]
[PlyCount "227"]
[EventDate "2000.??.??"]

1. Nf3 Nf6 2. d4 e6 3. c4 d5 4. Nc3 Be7 5. Bg5 h6 6. Bh4 dxc4 7. e3 g5 8. Bg3
Nh5 9. Bxc4 Nxg3 10. hxg3 Nc6 11. d5 exd5 12. Nxd5 Bf6 13. Qc2 g4 14. Nh4 Be5
15. Ng6 fxg6 16. Qxg6+ Kf8 17. Nb6 Qe8 18. Qxe8+ Kxe8 19. Nxa8 Ke7 20. O-O-O
Bf5 21. Bb5 Rxa8 22. Rd5 Ke6 23. Bc4 Rh8 24. Rd8+ Ke7 25. Rxh8 Bxh8 26. Rxh6
Bf6 27. Rh5 Be4 28. Bd5 Bg6 29. Rh6 Ne5 30. Kd2 c6 31. Bg8 Be4 32. Rh2 a5 33.
b3 a4 34. bxa4 Bg5 35. a5 Kd6 36. Bh7 Bd5 37. Bf5 Bd8 38. a6 bxa6 39. a3 Ba5+
40. Ke2 Bc4+ 41. Kd1 Bd8 42. Rh6+ Kc7 43. Kc2 Be7 44. a4 Bb4 45. Be4 Be2 46.
Re6 Bd6 47. Re8 Kd7 48. Rh8 Be7 49. Kc3 Bd1 50. a5 Be2 51. Rh6 c5 52. Kd2 Bc4
53. Bf5+ Ke8 54. Rh8+ Kf7 55. Be4 Be6 56. Ra8 Nc4+ 57. Kd1 Nxa5 58. Rxa6 Nc4
59. Ra7 Kf6 60. Ke2 Bd6 61. Bc6 Ne5 62. Bb7 Bc4+ 63. Kd2 Bb5 64. Be4 Nc4+ 65.
Kc2 Be5 66. Bd5 Nb6 67. Rf7+ Kg6 68. Rb7 Ba4+ 69. Bb3 Bxb3+ 70. Kxb3 Nc8 71.
Rb5 c4+ 72. Kb4 Bf6 73. Rd5 c3 74. Kb3 Ne7 75. Ra5 Nf5 76. Ra6 Kf7 77. Ra4 Nh6
78. e4 Be5 79. f4 gxf3 80. gxf3 Bxg3 81. Kxc3 Ke7 82. Ra7+ Ke8 83. Ra8+ Ke7 84.
Kd4 Nf7 85. Ke3 Nd8 86. f4 Ne6 87. f5 Nc5 88. Rc8 Kd6 89. Rd8+ Nd7 90. Ra8 Ne5
91. Re8 Nc6 92. Re6+ Kc5 93. Rg6 Be5 94. Rg8 Bd4+ 95. Kf4 Be5+ 96. Kg5 Kd4 97.
Re8 Bg3 98. f6 Ne5 99. Re7 Bh2 100. Kf5 Nc4 101. Rd7+ Ke3 102. f7 Nd6+ 103.
Rxd6 Bxd6 104. e5 Bc5 105. Kf6 Bd4 106. f8=Q Kf3 107. Kg6+ Ke2 108. e6 Bc3 109.
e7 Kd2 110. e8=Q Bd4 111. Qf4+ Kc3 112. Qb5 Kc2 113. Qxd4 Kc1 114. Qbb2# {
Hossa checkmated} 1-0

[Event "ICS rated standard match"]
[Site "204.178.125.65"]
[Date "2000.12.11"]
[Round "?"]
[White "Hossa"]
[Black "diep"]
[Result "1-0"]
[WhiteElo "2411"]
[BlackElo "2506"]
[PlyCount "197"]
[EventDate "2000.??.??"]

1. d4 Nf6 2. c4 e6 3. Nf3 b6 4. Nc3 Bb7 5. a3 d5 6. cxd5 Nxd5 7. Qc2 Nxc3 8.
Qxc3 Nd7 9. e3 a6 10. b3 c5 11. Bb2 Bxf3 12. gxf3 cxd4 13. Qxd4 b5 14. Rd1 Rc8
15. f4 Nc5 16. Qxd8+ Rxd8 17. Rxd8+ Kxd8 18. b4 Ne4 19. Bd3 Nd6 20. Ke2 h5 21.
Rg1 f6 22. Bd4 Kd7 23. Bc5 Kc6 24. Bxd6 Kxd6 25. a4 bxa4 26. Ra1 Be7 27. Rxa4
Kc7 28. Bxa6 Rb8 29. b5 Bc5 30. Rc4 Kd6 31. Rc1 g5 32. fxg5 fxg5 33. h3 Ra8 34.
Rg1 Rg8 35. Bb7 g4 36. Be4 Kc7 37. Bd3 Kd6 38. Rd1 Ke7 39. Rc1 Kd6 40. hxg4
Rxg4 41. Rh1 h4 42. Kf3 Rb4 43. Rg1 Rb3 44. Bc4 Rc3 45. Rg4 h3 46. Kg3 Rc2 47.
Rh4 h2 48. Bf1 Kc7 49. Rxh2 Bd6+ 50. f4 Rc3 51. Kf3 Bc5 52. Re2 Rb3 53. Re1 Kd6
54. Bc4 Rc3 55. Rd1+ Ke7 56. Bd3 Ra3 57. Rc1 Kd6 58. Ke4 Ra4+ 59. Bc4 Bb6 60.
Kf3 Ra3 61. Bb3 Rxb3 62. Rc6+ Kd7 63. Rxb6 Rb2 64. e4 Rb3+ 65. Kg4 Rb1 66. Kg5
Rb2 67. Kf6 Kc7 68. Rxe6 Rxb5 69. f5 Kd8 70. Rd6+ Kc7 71. e5 Ra5 72. Rd3 Ra8
73. e6 Ra6 74. Kg6 Kc6 75. e7 Kc5+ 76. Kg5 Ra8 77. e8=R Ra2 78. Rc8+ Kb6 79.
Rb3+ Ka7 80. Ra8+ Kxa8 81. f6 Rg2+ 82. Kh6 Rh2+ 83. Kg7 Rg2+ 84. Kf8 Rf2 85. f7
Ka7 86. Rg3 Kb6 87. Rg5 Rf3 88. Kg8 Kc6 89. f8=Q Rxf8+ 90. Kxf8 Kd6 91. Kf7 Kc7
92. Ke7 Kc6 93. Rh5 Kb7 94. Kd7 Kb6 95. Rg5 Kb7 96. Rg6 Ka8 97. Kc8 Ka7 98. Kc7
Ka8 99. Ra6# {diep checkmated} 1-0

[Event "ICS rated blitz match"]
[Site "204.178.125.65"]
[Date "2000.12.11"]
[Round "?"]
[White "Hossa"]
[Black "kaisser"]
[Result "1-0"]
[WhiteElo "2436"]
[BlackElo "1942"]
[PlyCount "125"]
[EventDate "2000.??.??"]

1. d4 e6 2. g3 f5 3. Bg2 Nf6 4. Nf3 d5 5. O-O c6 6. c4 Be7 7. cxd5 exd5 8. Ne5
O-O 9. Qb3 Nbd7 10. Bf4 Kh8 11. Nc3 Qb6 12. Qxb6 axb6 13. Rfe1 b5 14. Bf3 Nb6
15. Bg5 Be6 16. a3 Na4 17. Nxa4 Rxa4 18. e3 Rfa8 19. Bxf6 Bxf6 20. Nd3 Be7 21.
Nf4 Bf7 22. Bd1 R4a7 23. Nd3 Kg8 24. Ne5 Be6 25. h4 Bd6 26. Rc1 Kf8 27. Kg2
Bxe5 28. dxe5 Ke7 29. Bb3 Rd8 30. f4 Raa8 31. Ra1 c5 32. Kf3 c4 33. Bc2 d4 34.
exd4 Rxd4 35. Rad1 Rad8 36. Rxd4 Rxd4 37. Rd1 Rxd1 38. Bxd1 Kd7 39. Ke3 Kc6 40.
Kd4 Bd5 41. a4 bxa4 42. Bxa4+ b5 43. Bxb5+ Kxb5 44. Kxd5 Kb4 45. e6 c3 46.
bxc3+ Kxc3 47. e7 Kd2 48. e8=Q Kd3 49. Qe7 g5 50. Qa3+ Ke2 51. Kd4 gxh4 52.
Qd3+ Kf2 53. Qf1+ Kxf1 54. gxh4 Kf2 55. Ke5 Kg3 56. Kxf5 Kxh4 57. Ke5 Kg3 58.
f5 h5 59. f6 h4 60. f7 h3 61. f8=Q h2 62. Qf1 Kg4 63. Qg2+ {kaisser resigns}
1-0

[Event "ICS rated blitz match"]
[Site "204.178.125.65"]
[Date "2000.12.11"]
[Round "?"]
[White "AvernoX"]
[Black "Hossa"]
[Result "1/2-1/2"]
[WhiteElo "2338"]
[BlackElo "2438"]
[PlyCount "103"]
[EventDate "2000.??.??"]

1. Nf3 Nf6 2. g3 g6 3. Bg2 Bg7 4. O-O d5 5. d4 O-O 6. Nc3 c6 7. Bf4 Na6 8. Ne5
Bf5 9. e3 Nh5 10. Re1 Nxf4 11. exf4 Qb6 12. Na4 Qa5 13. Nc3 Nb4 14. Re2 Qb6 15.
Na4 Qc7 16. a3 Na6 17. Kh1 Qc8 18. Qe1 Bf6 19. Qc3 Bh3 20. Bxh3 Qxh3 21. Qd3
Rfe8 22. Rae1 e6 23. Nxc6 bxc6 24. Qxa6 Bxd4 25. Qxc6 Bf6 26. Rd2 Rec8 27. Qd7
Rcb8 28. b3 Rd8 29. Qb7 Rdc8 30. c4 Rcb8 31. Qa6 Rxb3 32. cxd5 Rxa3 33. dxe6
fxe6 34. Qc6 Rf8 35. Rde2 Qh5 36. Qxe6+ Kh8 37. Qc6 Ra1 38. f3 Qh3 39. Qc5 Ra8
40. Rxa1 Bxa1 41. Re1 Bg7 42. Qc7 Bd4 43. Nc5 Rc8 44. Qf7 Bxc5 45. Re8+ Rxe8
46. Qxe8+ Kg7 47. Qe5+ Kf7 48. Qd5+ Kg7 49. Qe5+ Kf7 50. Qd5+ Kg7 51. Qe5+ Kf7
52. Qd5+ {Game drawn by repetition} 1/2-1/2

[Event "ICS rated blitz match"]
[Site "204.178.125.65"]
[Date "2000.12.12"]
[Round "?"]
[White "Hossa"]
[Black "PostModernist"]
[Result "1/2-1/2"]
[WhiteElo "2457"]
[BlackElo "2560"]
[PlyCount "297"]
[EventDate "2000.??.??"]

1. Nf3 Nf6 2. c4 c5 3. Nc3 e6 4. g3 d5 5. Bg2 d4 6. Nb1 Nc6 7. O-O Nb8 8. Na3
Be7 9. d3 Nc6 10. e4 e5 11. Bd2 O-O 12. Qe2 Bg4 13. h3 Be6 14. Ng5 Bd7 15. f4
exf4 16. Bxf4 h6 17. Nxf7 Rxf7 18. e5 g5 19. exf6 Bxf6 20. Bd2 Qe8 21. Qh5 Bg7
22. Rxf7 Qxf7 23. Qxf7+ Kxf7 24. Rf1+ Ke7 25. Re1+ Ne5 26. h4 Kd6 27. Be4 gxh4
28. gxh4 Bf6 29. Bxh6 Rg8+ 30. Bg5 Bxg5 31. hxg5 Rxg5+ 32. Kf2 Bc6 33. Nb5+ Kd7
34. Rg1 Rxg1 35. Bf5+ Kd8 36. Kxg1 Bxb5 37. cxb5 Kc7 38. Kf2 Kb6 39. Ke2 Kxb5
40. Be6 Kb4 41. a3+ Ka4 42. Kd2 b5 43. Kc2 c4 44. dxc4 bxc4 45. Bd5 Kb5 46. b3
c3 47. Be6 Nf3 48. Kd1 Nh4 49. Bh3 a5 50. Bf1+ Kc5 51. Bd3 Ng2 52. Bh7 Ne3+ 53.
Kc1 Nd5 54. Kc2 Nf6 55. Bf5 Ne8 56. Kb1 Nc7 57. Bh7 Nb5 58. Ka2 Na7 59. Kb1 Nc8
60. Kc1 Nd6 61. Kb1 Nf7 62. Kc2 Nd6 63. Kb1 Nb7 64. Kc2 Nd8 65. Bf5 Nc6 66. Kd3
Ne5+ 67. Kc2 Kb5 68. Bh3 Nf3 69. Bf5 Kc5 70. Be4 Ng5 71. Bf5 Kd5 72. Bc8 Nf7
73. b4 axb4 74. axb4 Nd6 75. Ba6 Nc4 76. Kb3 Ne3 77. Bd3 Kc6 78. Be4+ Kb6 79.
Bh7 Ka6 80. Be4 Ka7 81. Bh7 Kb8 82. Be4 Kc8 83. Bd3 Kc7 84. Bg6 Kd8 85. Be4 Kd7
86. Bd3 Ke7 87. Bh7 Kd6 88. Be4 Ke5 89. Bh7 Ke6 90. Be4 Kd6 91. Bb1 Ke5 92. Bh7
Nf1 93. Kc2 Kd6 94. Kd3 Kd5 95. b5 Ne3 96. b6 c2 97. Kd2 Kc6 98. Bxc2 Kxb6 99.
Kd3 Kc5 100. Kd2 Nd5 101. Ke2 Nb4 102. Bb1 Kc4 103. Kd2 Kb3 104. Ke2 Kc3 105.
Be4 Na6 106. Bb1 Nc5 107. Bf5 Na4 108. Bd3 Nb6 109. Bb1 Nc4 110. Bd3 Ne3 111.
Bh7 Nd5 112. Bf5 Ne7 113. Be4 Nc8 114. Bb1 Nd6 115. Bd3 Nf7 116. Bb1 Ne5 117.
Bf5 Nc4 118. Bd3 Na5 119. Bb1 Nb3 120. Be4 Nc1+ 121. Kd1 Nd3 122. Ke2 Nf4+ 123.
Kf3 Nh5 124. Bg6 Nf6 125. Ke2 Ng4 126. Bd3 Kb3 127. Bb1 Kb4 128. Bd3 Nf6 129.
Kf2 Kc3 130. Ke2 Nh5 131. Bb1 Nf4+ 132. Kd1 Nd5 133. Ke2 Nc7 134. Bd3 Ne6 135.
Bb5 Nf4+ 136. Kf3 Nd5 137. Ke4 Nc7 138. Be2 Ne6 139. Bf1 Nc5+ 140. Kd5 Nd3 141.
Ke4 Nb4 142. Be2 Nc2 143. Bf1 Ne3 144. Be2 Ng2 145. Kf3 Ne3 146. Ke4 Nc4 147.
Kd5 Nb2 148. Ke4 d3 149. Bxd3 {
Game drawn because neither player has mating material} 1/2-1/2

[Event "ICS unrated blitz match"]
[Site "204.178.125.65"]
[Date "2000.12.12"]
[Round "?"]
[White "Hossa"]
[Black "diep"]
[Result "0-1"]
[WhiteElo "2462"]
[BlackElo "2749"]
[PlyCount "80"]
[EventDate "2000.??.??"]

1. Nf3 d5 2. c4 e6 3. g3 c6 4. cxd5 exd5 5. Bg2 Nf6 6. d4 Bd6 7. O-O O-O 8. Nc3
Re8 9. Qc2 Nbd7 10. Bd2 Nf8 11. Nh4 Ng6 12. Nxg6 hxg6 13. Bg5 Bf5 14. Qd2 Qb6
15. Rfc1 Nh7 16. Bh4 f6 17. Na4 Qa6 18. Nc5 Bxc5 19. dxc5 Qxe2 20. Qc3 g5 21.
Bf3 d4 22. Qb3+ Be6 23. Qa3 Qb5 24. Be4 Bc4 25. Bg6 Red8 26. b3 Bf7 27. Bxh7+
Kxh7 28. Bxg5 fxg5 29. Re1 Qd3 30. Qb4 Bd5 31. Re5 Qf3 32. Rxd5 Rxd5 33. Qxb7
d3 34. Qxc6 d2 35. Qxd5 Qxd5 36. h4 Re8 37. Kh2 Re1 38. g4 Qf3 39. Rxe1 dxe1=Q
40. hxg5 Qexf2# {Hossa checkmated} 0-1

[Event "ICS unrated blitz match"]
[Site "204.178.125.65"]
[Date "2000.12.12"]
[Round "?"]
[White "diep"]
[Black "Hossa"]
[Result "1-0"]
[WhiteElo "2749"]
[BlackElo "2462"]
[PlyCount "163"]
[EventDate "2000.??.??"]

1. e4 e5 2. Nf3 Nc6 3. Bb5 a6 4. Ba4 Nf6 5. O-O Be7 6. Re1 b5 7. Bb3 d6 8. c3
O-O 9. h3 Na5 10. Bc2 c5 11. d4 Qc7 12. Nbd2 Rd8 13. Nf1 cxd4 14. cxd4 Nc6 15.
d5 Nb4 16. Bb3 a5 17. Bd2 Na6 18. Rc1 Nc5 19. N3h2 Qb8 20. Qf3 a4 21. Bd1 b4
22. Rc4 Nfd7 23. Rxb4 Nb6 24. Be2 Qa7 25. Ng3 Bd7 26. Nf5 Bf8 27. Rc1 Rac8 28.
Bb5 Qa5 29. Bxd7 Rxd7 30. Qe2 g6 31. Ne3 Bg7 32. Qb5 Qxb5 33. Rxb5 Na8 34. Rc4
Nc7 35. Rb6 Na8 36. Rc6 Rb8 37. Rb4 Rbd8 38. f3 Nd3 39. Rxa4 Nxb2 40. Ra3 Rb7
41. Bc1 Rb4 42. Nc2 Rb7 43. Rxd6 Rdb8 44. Rc6 Bf8 45. d6 f5 46. Ne3 fxe4 47.
fxe4 Rb4 48. Nhg4 Bg7 49. d7 Nb6 50. Rc8+ Rxc8 51. dxc8=Q+ Nxc8 52. Ra8 Rb7 53.
Rxc8+ Kf7 54. Nf2 Bf6 55. Nd5 Bh4 56. Rc2 Na4 57. Nd3 Bg3 58. Rc6 Rb1 59. Rc4
Nb6 60. Rc7+ Ke8 61. Rb7 Nxd5 62. Rxb1 Nc3 63. Rb7 Nxe4 64. Rxh7 Nc3 65. Bd2 e4
66. Nc5 Bd6 67. Bxc3 Bxc5+ 68. Kf1 Kf8 69. a4 Bd6 70. a5 Kg8 71. Rb7 Bc5 72. a6
Be3 73. Rd7 Kf8 74. Bd4 Ke8 75. Rd5 Bf4 76. a7 Ke7 77. Bc5+ Kf7 78. a8=Q Bd6
79. Qb7+ Kf8 80. Rxd6 Ke8 81. Qd7+ Kf8 82. Rxg6# {Hossa checkmated} 1-0

[Event "ICS rated standard match"]
[Site "204.178.125.65"]
[Date "2000.12.12"]
[Round "?"]
[White "Karol"]
[Black "Hossa"]
[Result "1-0"]
[WhiteElo "2253"]
[BlackElo "2431"]
[PlyCount "81"]
[EventDate "2000.??.??"]

1. d4 d5 2. Nf3 Nf6 3. e3 e6 4. Bd3 c5 5. c3 c4 6. Bc2 b5 7. Nbd2 Bb7 8. Ne5
Bd6 9. f4 Nbd7 10. O-O Nb6 11. a3 a5 12. Rf3 b4 13. Ba4+ Nxa4 14. Qxa4+ Nd7 15.
Rg3 bxc3 16. bxc3 g6 17. Rb1 Ra7 18. e4 Ba8 19. exd5 exd5 20. Nc6 Bxc6 21. Qxc6
Bxf4 22. Rf3 Qc7 23. Qxd5 Nf6 24. Qb5+ Nd7 25. Ne4 Bxc1 26. Nf6+ Kd8 27. Nxd7
Bxa3 28. Rxf7 Re8 29. Qd5 Kc8 30. Nb6+ Qxb6 31. Rxb6 Re1+ 32. Kf2 Rxf7+ 33.
Qxf7 Re4 34. Qxc4+ Kd8 35. Qd5+ Ke8 36. Qxe4+ Kf8 37. Rb7 a4 38. Ra7 Kg8 39.
Qe8+ Bf8 40. Qf7+ Kh8 41. Qxh7# {Hossa checkmated} 1-0

[Event "ICS rated standard match"]
[Site "204.178.125.65"]
[Date "2000.12.12"]
[Round "?"]
[White "Hossa"]
[Black "Mefisto5000"]
[Result "1-0"]
[WhiteElo "2407"]
[BlackElo "1996"]
[PlyCount "103"]
[EventDate "2000.??.??"]

1. Nf3 d5 2. c4 e6 3. d4 Nf6 4. Bg5 Be7 5. e3 O-O 6. Nc3 Nbd7 7. c5 c6 8. Bd3
b6 9. b4 a5 10. b5 cxb5 11. c6 Nb8 12. Bxb5 Bb4 13. Rc1 Ba6 14. O-O Bxc3 15.
Bxa6 Nxa6 16. Rxc3 h6 17. Bxf6 gxf6 18. Nd2 Rc8 19. Qh5 Kg7 20. Rfc1 b5 21. Qe2
Qb6 22. Qg4+ Kh7 23. a3 Rc7 24. Qf4 Kg7 25. Qg3+ Kh7 26. Qh4 Kg7 27. Qh3 Rfc8
28. Qg4+ Kf8 29. Qh5 Rxc6 30. Rxc6 Rxc6 31. Qxh6+ Ke7 32. Rd1 Qc7 33. Qh7 Rc1
34. Rf1 Qc2 35. Qxc2 Rxc2 36. Rd1 b4 37. axb4 Nxb4 38. h3 a4 39. Nb1 Ra2 40.
Nc3 Ra3 41. Ne2 Nc2 42. Kh2 Rb3 43. Rc1 Rb2 44. Nc3 a3 45. Nd1 Ra2 46. Kg3 Kf8
47. Nc3 Rb2 48. Na4 Ra2 49. Nc5 Nb4 50. Rc3 Ra1 51. Nd3 a2 52. Nxb4 {
Mefisto5000 resigns} 1-0

[Event "ICS rated standard match"]
[Site "204.178.125.65"]
[Date "2000.12.12"]
[Round "?"]
[White "Mefisto5000"]
[Black "Hossa"]
[Result "0-1"]
[WhiteElo "1993"]
[BlackElo "2410"]
[PlyCount "32"]
[EventDate "2000.??.??"]

1. d4 Nf6 2. c4 e6 3. Nc3 Bb4 4. Qc2 O-O 5. a3 Bxc3+ 6. Qxc3 b6 7. Bg5 Bb7 8.
f3 d6 9. e4 c5 10. Bxf6 Qxf6 11. e5 Qh4+ 12. g3 cxd4 13. Qd3 Qh5 14. Qxd4 Bxf3
15. Be2 Bxe2 16. Nxe2 Nc6 {Mefisto5000 resigns} 0-1

[Event "ICS rated standard match"]
[Site "204.178.125.65"]
[Date "2000.12.12"]
[Round "?"]
[White "Hossa"]
[Black "Mefisto5000"]
[Result "1-0"]
[WhiteElo "2413"]
[BlackElo "1990"]
[PlyCount "42"]
[EventDate "2000.??.??"]

1. Nf3 d5 2. c4 d4 3. g3 c5 4. Bg2 Nc6 5. d3 e5 6. O-O Bd6 7. Na3 a6 8. Ng5
Nge7 9. Ne4 O-O 10. f4 exf4 11. Nxd6 Qxd6 12. Bxf4 Qg6 13. Qd2 Re8 14. e4 f6
15. Bd6 b6 16. Bc7 Rb8 17. Bxb8 Nxb8 18. b4 Nbc6 19. b5 Nb8 20. bxa6 Bxa6 21.
Rab1 Nd7 {Mefisto5000 resigns} 1-0